000
00484nam a2200145Ia 4500
008
100204s9999 xx 000 0 und d
082
_b
12048
100
_a
बोरकर लक्ष्मीदास
245
_a
खुनी नंदकिशोर
260
_b
"प्रिया प्रकाशन, मुंबई"
_c
1977
300
_a
199
630
_a
खुनी नंदकिशोर
730
_a
खुनी नंदकिशोर
942
_c
BOOK
999
_c
456482
_d
456479